000 00653nam a22002057a 4500
999 _c180148
_d180148
005 20210726170755.0
010 _aB-740644
020 _a8123722435
_c70.00
035 _aB-740644
037 _bGift
082 0 4 _a664.5
100 _aPruthi, J. S.
245 _aSpices and condiments /
_cby J. S. Pruthi
260 _aNew Delhi
_bNational Book Trust
_c2006
270 _aA-5, Green Park
_bNew Delhi
_e110016
300 _axviii, 322p.:
_bill.
_c21cm(pbk)
500 _aincludes bibliographical references and index
942 _2ddc
_cEN
_h664.5
_mPRU